| 000 | 00478 a2200169 4500 | ||
|---|---|---|---|
| 003 | OSt | ||
| 005 | 20240108154157.0 | ||
| 008 | 240108b |||||||| |||| 00| 0 eng d | ||
| 020 | _a9789382581161 | ||
| 040 | _coclc | ||
| 082 |
_a297 _bABD/N |
||
| 100 |
_aAbdulla, Abdul Jabbar _91916 |
||
| 245 |
_aNabiyude prarthanagal / _cAbdul Jabbar Abdulla |
||
| 260 |
_aKerala: _bDa'wa books, _c2018. |
||
| 300 | _a111p | ||
| 942 |
_2ddc _cBK _h297 _iABD/N _k297 _mABD/N |
||
| 999 |
_c43112 _d43112 |
||